| 000 | 00698nam a22002177a 4500 | ||
|---|---|---|---|
| 003 | BD-DhJNU | ||
| 005 | 20250430024444.0 | ||
| 008 | 250430b |||||||| |||| 00| 0 eng d | ||
| 020 | _a019564963x | ||
| 040 |
_aBD-DhJNU _bENG _cBD-DhJNU _dBD-DhJNU |
||
| 082 |
_223 _a363.8 |
||
| 245 |
_aThe political economy of hunger : _bselected essays / _cedited by Jean Drèze, Amartya Sen, and Athar Hussain. |
||
| 260 |
_aOxford : _bOxford University Press, _c1999. |
||
| 300 |
_axiv, 626 p. : _bill. ; _c23 cm. |
||
| 504 | _aincludes index | ||
| 650 | _aNutrition policy | ||
| 700 |
_aDrèze, Jean _eEditor |
||
| 700 |
_aSen, Amartya _eEditor |
||
| 700 |
_aHussain, Athar _eEditor |
||
| 942 |
_2ddc _cBK _n0 |
||
| 999 |
_c1640 _d1640 |
||